| 000 | 01183nam a22003377a 4500 | ||
|---|---|---|---|
| 003 | EG-ScBUE | ||
| 005 | 20220308111738.0 | ||
| 008 | 110530r20062005ua f 000 f1eeng d | ||
| 020 | _a9774248872 | ||
| 020 | _a9789774248870 | ||
| 040 |
_aEG-ScBUE _beng _erda _cEG-ScBUE _dEG-ScBUE |
||
| 082 | 0 | 4 |
_222 _a892.736 _bKUN |
| 100 | 1 |
_924474 _aKūnī, Ibrāhīm, _eauthor. |
|
| 245 | 1 | 0 |
_aAnubis : _ba desert novel / _cIbrahim al-Koni ; translated by William M. Hutchins. |
| 250 | _aSecond printing. | ||
| 264 | 1 |
_aCairo : _bThe American University in Cairo Press, _c2006. |
|
| 300 |
_a184 pages ; _c21 cm. |
||
| 336 |
_2rdacontent _atext _btxt |
||
| 337 |
_2rdamedia _aunmediated _bn |
||
| 338 |
_2rdacarrier _avolume _bnc |
||
| 490 | 0 | _aModern Arabic literature | |
| 500 | _aOriginally published in Arabic: 2002, Anubis | ||
| 546 | _aText in English ; translated from the Arabic. | ||
| 600 | 1 | 7 |
_aAnubis _c(Egyptian deity) _vFiction. _2BUEsh |
| 650 | 7 |
_924475 _aLegends in literature. _2BUEsh |
|
| 650 | 7 |
_aTuaregs _vFiction. _2BUEsh |
|
| 653 |
_cMay2011 _bARALIT |
||
| 655 |
_vReading book _934232 |
||
| 700 | 1 |
_91447 _aHutchins, William Maynard, _etranslator. |
|
| 942 |
_2ddc _cBB |
||
| 999 |
_c15480 _d15480 |
||